000
00261nam a2200121Ia 4500
005
20251222144703.0
008
251222s9999||||xx |||||||||||||| ||spa||
020
_a
84-86120-03-9
082
_a
914.641/V61
245
0
_a
Madrid:
264
_b
Tania
942
_c
LIB
999
_c
17534
_d
17534